| 000 | 00463nam a2200157Ia 4500 | ||
|---|---|---|---|
| 008 | 160316s1999 xxu||||| |||| 00| 0 eng d | ||
| 082 |
_a341.486000 _bBAL |
||
| 100 | _aBalachandran M.K. | ||
| 245 | _aBulletin on IHL and refugee law | ||
| 250 | _a | ||
| 260 |
_aNew Delhi _bIndian Centre for Humanitarian Laws and Research _c1999 |
||
| 300 |
_a132 _b _c |
||
| 365 | _b | ||
| 650 | _a1. Humanitarian laws - refugee law 2. Legal regime - land mines | ||
| 700 |
_a _a |
||
| 999 |
_c39533 _d39533 |
||